Представление документа в формате MARC21

Поле Инд. ПП Название Значение
Тип записи a
Библиографический уровень m
001 Контрольный номер beeb84ef-b3a4-4805-b6ff-cf29916682e7
005 Дата корректировки 20131122111450.1
008 Кодируемые данные 020302
040 a Служба первич. каталог. НБ ТвГУ
041 a Код языка текста rus
080 a Индекс УДК 796:61(075.8)
084 a Индекс другой классификации/Индекс ББК Ч510.0я731-1
090 x Авторский знак Д67
a Полочн. индекс 7А.06
100 1_ a Автор Донской Дмитрий Дмитриевич
245 10 a Заглавие Биомеханика с основами спортивной техники
b Продолж. заглавия Учеб. для ин-тов физ. культуры
c Ответственность Д. Д. Донской
260 0_ a Место издания Москва
b Издательство Физкультура и спорт
c Дата издания 1971
300 a Объем 287 с.
b Иллюстрации/ тип воспроизводства табл.
650 a Основная рубрика Физическая культура и спорт
x Основная подрубрика Учебники для вузов
650 a Основная рубрика Физическое воспитание
x Основная подрубрика Медико-биологические основы
650 a Основная рубрика Спортивная техника
x Основная подрубрика Биомеханика
653 a Ключевые слова Физическая культура
a Ключевые слова Спорт
a Ключевые слова Физическое воспитание
a Ключевые слова Медико-биологические основы
a Ключевые слова Спортивная техника
a Ключевые слова Биомеханика
a Ключевые слова Учебники
852 t Порядковый номер экземпляра 2
p Инвентарный номер 612957
p Инвентарный номер 16794-20
930 a Новая/Ретро учебники
952 c Вид литературы К ру
954 a Дата поступления на обработку 20020302
999 a Подразделение 2 Фил2